000 00673nam a2200241Ia 4500
003 OSt
005 20220927104507.0
006 a|||||r|||| 00| 0
007 ta
008 220926b |||||||| |||| 00| 0 eng d
024 _a147865
037 _cReference Collections
040 _aRTL
_cRTL
_beng
041 _2eng
_aeng
082 _a"Y225.281.N7, M0/GD"
110 _aDELHI PLANNING
_9366201
245 0 _aEvaluation report on faster care service in Delhi
260 _c1980
300 _a49P
_ccm.
700 _aDELHI PLANNING
_9366202
942 _h"Y225.281.N7, M0/GD"
_cCC
999 _c687723
_d687723